| 000 | 00761nam a2200253 4500 | ||
|---|---|---|---|
| 003 | OSt | ||
| 005 | 20260530113903.0 | ||
| 008 | 260505b1988 mx a|||| |||| 00| 0 spa d | ||
| 040 |
_aICI _bspa _cICI |
||
| 041 | _aspa | ||
| 050 |
_aG155.A3 _bA47 1988 |
||
| 100 | 1 |
_aAgraz, Ricardo, _eautor _932540 |
|
| 245 | 1 | 0 |
_aApuntes de viaje / _cRicardo Agraz |
| 264 | 1 |
_aMéxico : _b[s.n.], _c1988 |
|
| 300 |
_a50 hojas sueltas : _bilustraciones ; |
||
| 336 |
_atexto _2rdacontent |
||
| 337 |
_asin medio _2rdamedia |
||
| 338 |
_avolumen _2rdacarrier |
||
| 650 | 4 |
_aViajes _xDescripciones y relatos _932541 |
|
| 650 | 4 |
_aLiteratura de viajes _932542 |
|
| 650 | 4 |
_aGeografía _xDescripción y viajes _932543 |
|
| 650 | 4 |
_aCultura _xObservaciones _932544 |
|
| 942 |
_2lcc _cBK _n1 |
||
| 999 |
_c11862 _d11862 |
||